| 000 | 00718nam a2200217Ia 4500 | ||
|---|---|---|---|
| 005 | 20240315103415.0 | ||
| 008 | 140110s9999 xx 000 0 und d | ||
| 020 |
_a9780230226241 _cRs 595 |
||
| 040 | _aLoreto College | ||
| 041 | _aEnglish | ||
| 082 |
_a338.9 _bHUM |
||
| 245 |
_aHuman development report 2007/2008 _bFighting climate change : Haman solidarity in a divided world |
||
| 260 |
_aHoundmills, Basingstoke, Hampshire and New York _bPalgrave Macmillan _c2007 |
||
| 300 | _axvi,384p | ||
| 504 | _aPublished for the United Nations Development Programme | ||
| 650 | _aClimate Change | ||
| 651 | _aHuman Development | ||
| 700 | _aUnited Nations Development Programme | ||
| 850 | _aLCLIB | ||
| 942 | _cBK | ||
| 999 |
_c18249 _d68728 |
||